| 000 | 00605cab a2200217 4500 | ||
|---|---|---|---|
| 001 | WB3221-23 | ||
| 008 | 090401t1996 xxu||||| |||| 00| 0 eng d | ||
| 035 | _a(Sirsi) u13885 | ||
| 041 | _aeng | ||
| 245 | _aNHBC puts buyers in picture | ||
| 260 | _c1996 | ||
| 350 | _a0 | ||
| 490 |
_aProperty Week _v55(9) 30 May 1996, 15(1) |
||
| 520 | _aThe National House-Building Council has compiled a checklist of nearly 100 points which should be considered by new homebuyers. | ||
| 650 | _aCHECKLIST | ||
| 650 | _aNEW HOUSES | ||
| 650 | _aNHBC | ||
| 690 | _aHOUSING | ||
| 942 | _n0 | ||
| 948 | _c04/03/1997 | ||
| 999 |
_c8968 _d8968 |
||